Construyendo alambrados modernos /
Guardado en:
| Autor Principal: | |
|---|---|
| Formato: | Libro |
| Publicado: |
Montevideo :
Hemisferio Sur, s/f
|
| Materias: | |
| Etiquetas: |
Agregar Etiqueta
Sin Etiquetas, Sea el primero en etiquetar este registro!
|
| LEADER | 00704nam a22001935a 4500 | ||
|---|---|---|---|
| 001 | CEM.cems017587 | ||
| 005 | 20110517125930.0 | ||
| 008 | 130507b######################000#0#####d | ||
| 003 | CEMS | ||
| 020 | |a 9974556139 | ||
| 082 | 0 | 4 | |a 631.2 |
| 100 | 1 | |a Baillod, Gustavo | |
| 245 | 1 | 0 | |a Construyendo alambrados modernos / |c Gustavo Baillod |
| 260 | |a Montevideo : |b Hemisferio Sur, s/f | ||
| 300 | |a 100 p. | ||
| 505 | 0 | |a Fundamentos -- Materiales -- Construcción del alambrado -- Aspectos económicos -- Consideraciones laborales y empresariales -- Generalidades sobre alambrados eléctricos | |
| 653 | |a Alambrados | ||
| 653 | |a Alambrados eléctricos | ||
| 859 | |a CEMS |b BIB. CEMS - Agricultura |h 631.2 |i B158 |p A1346.11 |t Ej.1 | ||
